| 000 | 01004cam a2200193 4500 | ||
|---|---|---|---|
| 001 | WB3524-04 | ||
| 008 | 000000n1999 000 0 eng u | ||
| 035 | _a(Sirsi) u101949 | ||
| 245 | _aGroup focus on sustainability. | ||
| 260 | _c1999 | ||
| 490 |
_aContract Journal _v399(6231) 23 June 1999, 4 |
||
| 490 |
_aConstruction News _v(6621) 24 June 1999, 4(2) |
||
| 520 | _aThe Sustainable Construction Focus Group has met at the start of its 12 month action plan, which has three aims: to pool information from current sustainability initiatives in construction; to act as and interface between these initiatives and the Movement for Innovation's demonstration projects; and to explore the root cause of the 'vicious circle' whereby all members of the construction supply chain blame each other for not encouraging sustainable development. | ||
| 650 | _aSUSTAINABLE DEVELOPMENT | ||
| 650 | _aCONSTRUCTION INDUSTRY | ||
| 650 | _aSUPPLY CHAIN MANAGEMENT | ||
| 690 | _aBUILT ENVIRONMENT | ||
| 942 | _n0 | ||
| 999 |
_c61043 _d61043 |
||